000 00319 a2200121 4500
082 _a811.728.2
_bC454w
100 _aChan, Amado
_9454
245 _aWaiting for my turn
260 _aBelice
_bFsctory Books
_c2002
300 _a48 p.
_bil (a color)
_c21 cm
650 _aLiteratura
_vPoesa̕
_zBelice
_9561
700 _aAmado Chan
_9455
999 _c90
_d90